[Event "ROM-ch sf"]
[Site "Sovata"]
[Date "2001.03.15"]
[Round "8"]
[White "Calotescu, Daniel"]
[Black "Glodeanu, Ion"]
[Result "0-1"]
[WhiteElo "2165"]
[BlackElo "2303"]
[PlyCount "74"]
[EventDate "2001.03.10"]
[EventType "swiss"]
[EventRounds "11"]
[EventCountry "ROU"]
[SourceTitle "EXT 2008"]
[Source "ChessBase"]
[SourceDate "2007.11.25"]
[SourceVersion "1"]
[SourceVersionDate "2007.11.25"]
[SourceQuality "1"]

1. d4 d5 2. Nf3 e6 3. Bf4 c5 4. c3 Nc6 5. e3 Nf6 6. h3 Bd6 7. Bxd6 Qxd6 8. Nbd2 0-0 9. Bd3 e5 10. dxe5 Nxe5 11. Nxe5 Qxe5 12. Nf3 Qe7 13. 0-0 b6 14. Qe2 Bb7 15. Rfe1 Rad8 16. a4 a5 17. Nd2 Rd6 18. Qf1 Rfd8 19. Re2 Bc6 20. Qe1 Qd7 21. Bc2 g6 22. e4 dxe4 23. Nxe4 Nxe4 24. Bxe4 Bxa4 25. Bf3 Rd1 26. Rxd1 Qxd1 27. Qxd1 Bxd1 28. Re3 Bxf3 29. Rxf3 Rd2 30. b3 c4 31. bxc4 a4 32. Re3 Kf8 33. Re1 a3 34. f4 a2 35. Kh2 Rb2 36. Ra1 Ke7 37. Kg3 Kd6 0-1

[Event "ROM-ch sf"]
[Site "Sovata"]
[Date "2001.03.11"]
[Round "2"]
[White "Calotescu, Daniel"]
[Black "Tugui, Adrian"]
[Result "0-1"]
[WhiteElo "2165"]
[BlackElo "2320"]
[PlyCount "95"]
[EventDate "2001.03.10"]
[EventType "swiss"]
[EventRounds "11"]
[EventCountry "ROU"]
[SourceTitle "EXT 2008"]
[Source "ChessBase"]
[SourceDate "2007.11.25"]
[SourceVersion "1"]
[SourceVersionDate "2007.11.25"]
[SourceQuality "1"]

1. Nf3 c5 2. c4 b6 3. d4 cxd4 4. Nxd4 Bb7 5. Nc3 Nf6 6. Bg5 d6 7. Qc2 Nc6 8. Nxc6 Bxc6 9. e4 e6 10. Be2 h6 11. Be3 Be7 12. 0-0 Qb8 13. f4 0-0 14. Rad1 Qb7 15. Bf3 a6 16. g4 b5 17. cxb5 axb5 18. a3 Rac8 19. Qg2 b4 20. axb4 Qxb4 21. Kh1 Nd7 22. Rg1 Rb8 23. Rd2 Qb7 24. Ne2 Qb3 25. Ba7 Rbc8 26. Nd4 Qa4 27. Nxc6 Rxc6 28. Bd4 e5 29. Be3 exf4 30. Bxf4 Ne5 31. g5 hxg5 32. Bxg5 Bxg5 33. Qxg5 g6 34. Bg2 Qb3 35. Rgd1 Rfc8 36. h3 Rc1 37. Rxc1 Rxc1+ 38. Kh2 Nf3+ 39. Bxf3 Qxf3 40. Rg2 Rd1 41. Qg4 Qf1 42. Kg3 Qe1+ 43. Kh2 Qh1+ 44. Kg3 Rd3+ 45. Kh4 Qc1 46. Qg5 Qe1+ 47. Rg3 Qxe4+ 48. Qg4 0-1

[Event "ROM-ch sf U18"]
[Site "Eforie Nord"]
[Date "2001.02.03"]
[Round "9"]
[White "Calotescu, Daniel"]
[Black "Barzanu, Iulian"]
[Result "0-1"]
[WhiteElo "2165"]
[BlackElo "2117"]
[PlyCount "56"]
[EventDate "2001.01.28"]
[EventType "swiss"]
[EventRounds "9"]
[EventCountry "ROU"]
[SourceTitle "EXT 2004"]
[Source "ChessBase"]
[SourceDate "2003.11.25"]
[SourceVersion "1"]
[SourceVersionDate "2003.11.25"]
[SourceQuality "1"]

1. Nf3 d5 2. d4 c6 3. c4 e6 4. Nc3 Nf6 5. Bg5 h6 6. Bh4 Be7 7. e3 0-0 8. cxd5 exd5 9. Bd3 Ne4 10. Bg3 Nxg3 11. hxg3 Nd7 12. Nh4 Bxh4 13. Rxh4 Nf6 14. Qf3 Nh7 15. 0-0-0 f5 16. Qe2 Bd7 17. Rdh1 Qg5 18. Qe1 Nf6 19. Ne2 Rae8 20. Nf4 b6 21. f3 c5 22. Qf2 cxd4 23. exd4 Rc8+ 24. Kb1 Rfe8 25. Re1 Rxe1+ 26. Qxe1 Re8 27. Qf2 Bc6 28. Rh1 Bd7 0-1

[Event "ROM-ch sf U18"]
[Site "Eforie Nord"]
[Date "2001.??.??"]
[Round "8"]
[White "Pachia, Mihai"]
[Black "Calotescu, Daniel"]
[Result "0-1"]
[WhiteElo "1869"]
[BlackElo "2165"]
[PlyCount "109"]
[EventDate "2001.01.28"]
[EventType "swiss"]
[EventRounds "9"]
[EventCountry "ROU"]
[SourceTitle "EXT 2004"]
[Source "ChessBase"]
[SourceDate "2003.11.25"]
[SourceVersion "1"]
[SourceVersionDate "2003.11.25"]
[SourceQuality "1"]

1. e4 c6 2. d3 d5 3. Nd2 e5 4. Ngf3 Bd6 5. g3 Nf6 6. Bg2 0-0 7. 0-0 Re8 8. c3 a5 9. a4 Nbd7 10. Qc2 Bf8 11. h3 h6 12. Re1 dxe4 13. dxe4 Qc7 14. Nh4 Rd8 15. Nb3 Nb6 16. f4 Nh5 17. fxe5 Qxe5 18. g4 Nf4 19. Be3 Nc4 20. Bf2 Nxg2 21. Kxg2 Bd6 22. Nf3 Qf4 23. Nc1 Bxg4 24. hxg4 Qxg4+ 25. Kf1 Qxf3 26. Qd3 Qh1+ 27. Ke2 Qh5+ 28. Qf3 Qxf3+ 29. Kxf3 Re8 30. Re2 Re6 31. b3 Ne5+ 32. Kg2 Be7 33. Raa2 Rd8 34. b4 Rg6+ 35. Kf1 Nf3 36. Re3 Nh2+ 37. Ke2 Ng4 38. Rd3 Nxf2 39. Kxf2 Rxd3 40. Nxd3 Rg4 41. Re2 Rh4 42. Re1 g5 43. b5 Rh2+ 44. Kf3 Rc2 45. Rc1 Rxc1 46. Nxc1 cxb5 47. axb5 Kg7 48. Nd3 b6 49. e5 f5 50. Ke3 Kf7 51. Kd4 Ke6 52. c4 h5 53. c5 h4 54. Kc4 h3 55. cxb6 0-1

[Event "ROM-ch U18 sf"]
[Site "Calimanesti"]
[Date "2000.??.??"]
[Round "?"]
[White "Stefan, Bogdan Liviu"]
[Black "Calotescu, Daniel"]
[Result "1-0"]
[WhiteElo "2014"]
[BlackElo "2161"]
[PlyCount "78"]
[EventDate "2000.??.??"]
[EventType "swiss"]
[EventRounds "9"]
[EventCountry "ROU"]
[SourceTitle "EXT 2001"]
[Source "ChessBase"]
[SourceDate "2000.11.22"]
[SourceVersion "1"]
[SourceVersionDate "2000.11.22"]
[SourceQuality "1"]

1. e4 c6 2. d4 d5 3. Nc3 dxe4 4. Nxe4 Bf5 5. Ng3 Bg6 6. h4 h6 7. Nf3 Nd7 8. Bd3 Bxd3 9. Qxd3 Qc7 10. Bd2 Ngf6 11. 0-0-0 e6 12. Rhe1 0-0-0 13. c4 Bd6 14. Ne2 Ng4 15. Rf1 Ndf6 16. Qc2 Qe7 17. Qa4 Kb8 18. Be3 Nxe3 19. fxe3 Ne4 20. c5 Bc7 21. Qc2 Ng3 22. Nxg3 Bxg3 23. Qb3 Rhf8 24. Rh1 Qf6 25. Rd3 Qg6 26. h5 Qe4 27. Rh3 Qg4 28. Qc2 Rd5 29. Ra3 Rxh5 30. Qa4 Rxh3 31. Qxa7+ Kc8 32. Rb3 Rh1+ 33. Kc2 Qe4+ 34. Kd2 Bc7 35. Qa8+ Kd7 36. Qxf8 Ba5+ 37. Ke2 Qc2+ 38. Nd2 Qxd2+ 39. Kf3 Rf1+ 1-0